000 01530nam a2200337 i 4500
003 EG-GICUC
005 20260420114201.0
008 260420s1980 |||fr|||| 00| 0 Ara d
040 _a EG-GICUC
_bara
_c EG-GICUC
_d EG-GICUC
_erda
041 _aAra
082 0 4 _221
_a343.3
_bق ا
092 0 4 _221
099 _aLaw1 10 343.3 ق ا 1980
245 0 0 _aقانون الإجراءات الجنائية والتشريعات المعدلة والمكملة.
264 1 _a[مكان النشر غير محدد] :
_b[الناشر غير محدد]،
_c1980.
300 _a227 ؛صفحة
_c24 سم.
_bإيضاحيات، صور، مثيليات ؛
336 _2rda content
_atext
337 _2rda media
_aComputer
338 _2rda carrier
_aOnline Resource
490 _aالمحاماة
500 _aيشتمل هذا الملحق على قانون الإجراءات الجنائية وتعديلاته حالات وإجراءات الطعن بالنقض القرار بقانون بشأن حالة الطوارئ تشريعات أخرى متفرقة.
504 _a. 240-220 ببليوجرافيا: صفحات.
505 _aملحق العددين التاسع والعاشر السنة الستون
546 _aالنص باللغة العربية
650 1 _aقانون الإجراءات الجنائية
_2qrmak
650 1 _aالقانون الجنائى
_2qrmak
651 1 _2qrmak
856 4 0 _uhttps://fll.law.cu.edu.eg/fulltext/bks/B10-09870.pdf
905 _a54
942 _2ddc
_cBK
_e21
_n0
999 _c72089
_d72089